<?xml version="1.0" encoding="UTF-8"?>
<resp>
  <nextPage>https://data.bn.org.pl/api/networks/bibs.marcxml?marc=001+b1000002399842&amp;sinceId=1000002399843</nextPage>
  <collection>
    <record xmlns='http://www.loc.gov/MARC21/slim'><leader>03074nam a2200685 i 4500</leader><controlfield tag='001'>b1000002399842</controlfield><controlfield tag='005'>20251216080649.5</controlfield><controlfield tag='008'>220411q20uu    pl aco       |000 0 pol c</controlfield><controlfield tag='009'>9912673696805606</controlfield><datafield ind1=' ' ind2=' ' tag='020'><subfield code='a'>839177130X</subfield><subfield code='q'>(Booster)</subfield></datafield><datafield ind1=' ' ind2=' ' tag='035'><subfield code='a'>(PL)b1000002399842</subfield></datafield><datafield ind1=' ' ind2=' ' tag='040'><subfield code='a'>WA N</subfield><subfield code='c'>WA N</subfield><subfield code='d'>WA N</subfield></datafield><datafield ind1='1' ind2=' ' tag='041'><subfield code='a'>pol</subfield><subfield code='a'>ger</subfield><subfield code='h'>pol</subfield></datafield><datafield ind1='1' ind2=' ' tag='100'><subfield code='a'>Różycka-Jaskulska, Barbara</subfield><subfield code='e'>Autor</subfield></datafield><datafield ind1='1' ind2='0' tag='245'><subfield code='a'>Karkonosze :</subfield><subfield code='b'>Królestwo Ducha Gór = Das Riesengebirge : das Königreich des Rübezahl /</subfield><subfield code='c'>[Text: Barbara Różycka-Jaskólska ; Foto: Jacek Gajda, Robert Kuliczkowski ; tłumaczenie: Thomas A. Guenther].</subfield></datafield><datafield ind1='3' ind2='0' tag='246'><subfield code='a'>Riesengebirge :</subfield><subfield code='b'>das Königreich des Rübezahl</subfield></datafield><datafield ind1=' ' ind2=' ' tag='260'><subfield code='a'>Jelenia Góra :</subfield><subfield code='b'>PTTK Oddział &quot;Sudety Zachodnie&quot; :</subfield><subfield code='b'>[Booster],</subfield><subfield code='c'>[po 2000].</subfield></datafield><datafield ind1=' ' ind2=' ' tag='300'><subfield code='a'>23, [1] strona;</subfield><subfield code='b'>fotografie, ilustracje, portrety ;</subfield><subfield code='c'>21x30 cm.</subfield></datafield><datafield ind1=' ' ind2=' ' tag='336'><subfield code='a'>Obraz</subfield><subfield code='b'>sti</subfield><subfield code='2'>rdacontent</subfield></datafield><datafield ind1=' ' ind2=' ' tag='336'><subfield code='a'>Tekst</subfield><subfield code='b'>txt</subfield><subfield code='2'>rdacontent</subfield></datafield><datafield ind1=' ' ind2=' ' tag='337'><subfield code='a'>Bez urządzenia pośredniczącego</subfield><subfield code='b'>n</subfield><subfield code='2'>rdamedia</subfield></datafield><datafield ind1=' ' ind2=' ' tag='338'><subfield code='a'>Wolumin</subfield><subfield code='b'>nc</subfield><subfield code='2'>rdacarrier</subfield></datafield><datafield ind1=' ' ind2=' ' tag='380'><subfield code='a'>Książki</subfield></datafield><datafield ind1=' ' ind2=' ' tag='380'><subfield code='a'>Poradniki i przewodniki</subfield></datafield><datafield ind1=' ' ind2=' ' tag='388'><subfield code='a'>2001-</subfield></datafield><datafield ind1=' ' ind2=' ' tag='500'><subfield code='a'>Rok wydania na podstawie treści książki. Nazwa drugiego wydawcy na podstawie serwisu e-ISBN. Okładka wliczona w paginację.</subfield></datafield><datafield ind1=' ' ind2=' ' tag='536'><subfield code='a'>Współfinansowanie: Dolnośląski Urząd Wojewódzki, Samorząd Miasta Jelenia Góra, Powiat Jeleniogórski, gminy Powiatu Jeleniogórskiego</subfield></datafield><datafield ind1=' ' ind2=' ' tag='546'><subfield code='a'>Tekst równolegle w języku polskim i w przekładzie niemieckim.</subfield></datafield><datafield ind1='0' ind2='7' tag='600'><subfield code='a'>Rübezahl</subfield><subfield code='c'>(postać legendarna)</subfield><subfield code='2'>DBN</subfield></datafield><datafield ind1=' ' ind2='7' tag='648'><subfield code='a'>2001-</subfield><subfield code='2'>DBN</subfield></datafield><datafield ind1=' ' ind2='7' tag='651'><subfield code='a'>Dolny Śląsk</subfield><subfield code='2'>DBN</subfield></datafield><datafield ind1=' ' ind2='7' tag='651'><subfield code='a'>Karkonosze (góry)</subfield><subfield code='2'>DBN</subfield></datafield><datafield ind1=' ' ind2='7' tag='655'><subfield code='a'>Broszura</subfield><subfield code='2'>DBN</subfield></datafield><datafield ind1=' ' ind2='7' tag='655'><subfield code='a'>Przewodnik turystyczny</subfield><subfield code='2'>DBN</subfield></datafield><datafield ind1=' ' ind2=' ' tag='658'><subfield code='a'>Podróże i turystyka</subfield></datafield><datafield ind1='1' ind2=' ' tag='700'><subfield code='a'>Günther, Thomas</subfield><subfield code='d'>(1976- )</subfield><subfield code='e'>Tłumaczenie</subfield></datafield><datafield ind1='2' ind2=' ' tag='710'><subfield code='a'>Oddział &quot;Sudety Zachodnie&quot; w Jeleniej Górze (Polskie Towarzystwo Turystyczno-Krajoznawcze)</subfield><subfield code='e'>Wydawca</subfield><subfield code='4'>pbl</subfield></datafield><datafield ind1='2' ind2=' ' tag='710'><subfield code='a'>Studio &quot;Booster&quot;</subfield><subfield code='e'>Wydawca</subfield><subfield code='4'>pbl</subfield></datafield><datafield ind1=' ' ind2=' ' tag='852'><subfield code='8'>22746207380008414</subfield><subfield code='j'>1</subfield><subfield code='b'>143DZS</subfield><subfield code='p'>14301-400035713</subfield><subfield code='c'>CZDZS</subfield><subfield code='z'>DD-130/2022</subfield></datafield><datafield ind1=' ' ind2=' ' tag='852'><subfield code='b'>48OMNIS_WBP</subfield><subfield code='8'>990014266090308414</subfield></datafield><datafield ind1=' ' ind2=' ' tag='852'><subfield code='8'>22707798910005066</subfield><subfield code='j'>1</subfield><subfield code='h'>3.197.410 A</subfield><subfield code='b'>BN_PL</subfield><subfield code='p'>30001025342350</subfield><subfield code='c'>bk1</subfield></datafield><datafield ind1=' ' ind2=' ' tag='852'><subfield code='b'>48OMNIS_NETWORK</subfield><subfield code='8'>9912673696805606</subfield></datafield><datafield ind1=' ' ind2=' ' tag='852'><subfield code='8'>22718940590005066</subfield><subfield code='j'>1</subfield><subfield code='h'>3.606.020</subfield><subfield code='b'>BN_PL</subfield><subfield code='p'>30001025779972</subfield><subfield code='c'>bk8</subfield></datafield><datafield ind1=' ' ind2=' ' tag='852'><subfield code='b'>48OMNIS_NLOP</subfield><subfield code='8'>991053000758305066</subfield></datafield><datafield ind1=' ' ind2=' ' tag='920'><subfield code='a'>83-917713-0-X (Booster)</subfield></datafield></record>
  </collection>
</resp>
